000 00426nam a2200205Ia 4500
001 13300
003 GE_BSU
008 181216s||||||||xx |||||||||||||| ||und||
020 _a9780099527947
040 _cGE_BSU
080 _a821.111-32
100 _aHarris,Robert.
245 _aPompell.
260 _aLondon.
260 _bArrow Books.
260 _c2003
300 _a397p;20cm.
653 _aPompell.
942 _cBK
999 _c46462
_d46462